Welcome to the Holygrace Academy Library

Please use search bar below to get started

HORRIBLE HISTORIES: THE MEASLY MIDDLE AGES (Record no. 8526)

MARC details
000 -LEADER
fixed length control field 00481nam a22001697a 4500
020 ## - INTERNATIONAL STANDARD BOOK NUMBER
ISBN 0-590-13900-2
082 ## - DEWEY DECIMAL CLASSIFICATION NUMBER
Classification number 823
Item number DEA/H
100 ## - MAIN ENTRY--AUTHOR NAME
Personal name DEARY, TERRY
245 ## - TITLE STATEMENT
Title HORRIBLE HISTORIES: THE MEASLY MIDDLE AGES
Remainder of title THE MEASLY MIDDLE AGES
246 ## - VARYING FORM OF TITLE
Title proper/short title THE MEASLY MIDDLE AGES
260 ## - PUBLICATION, DISTRIBUTION, ETC. (IMPRINT)
Place of publication LONDON
Name of publisher SCHOLASTIC CHILDREN'S BOOKS
300 ## - PHYSICAL DESCRIPTION
Number of Pages 128
500 ## - GENERAL NOTE
General note illustrated history books
520 ## - SUMMARY, ETC.
Summary, etc illustrated history books
650 ## - SUBJECT ADDED ENTRY--TOPICAL TERM
Topical Term illustrated history books
942 ## - ADDED ENTRY ELEMENTS (KOHA)
Koha item type Books

No items available.